书目信息 |
| 题名: |
中国古代音乐史话
|
|
| 作者: | 田青 著 | |
| 分册: | ||
| 出版信息: | 上海 上海音乐出版社 2021.1 |
|
| 页数: | 182页 | |
| 开本: | 21cm | |
| 丛书名: | ||
| 单 册: | ||
| 中图分类: | J609.22 | |
| 科图分类: | ||
| 主题词: | 音乐史--中国--古代--通俗读物 | |
| 电子资源: | ||
| ISBN: | 978-7-5523-1545-5 | |
| 000 | 00876nam0 2200241 45 | |
| 001 | 012001000883 | |
| 005 | 20130910081705.0 | |
| 010 | @a978-7-5523-1545-5@dCNY38.00 | |
| 099 | @aCAL 012018192205 | |
| 100 | @a20181208d2018 em y0chiy0110 ea | |
| 101 | 0 | @achi |
| 102 | @aCN@b310000 | |
| 105 | @aag z 000yy | |
| 106 | @ar | |
| 200 | 1 | @a中国古代音乐史话@Azhong guo gu dai yin le shi hua@f田青著 |
| 210 | @a上海@c上海音乐出版社@d2021.1 | |
| 215 | @a182页@c图@d21cm | |
| 330 | @a《中国古代音乐史话》于1984年在本社出版,现作者提出在修订后重新出版。本书以小说的形式叙述了中国古代音乐史,其写作手法与丰子恺的音乐普及读物有着异曲同工之妙。因此,本书的阅读有着极强的趣味性,适合于音乐爱好者阅读。 | |
| 606 | 0 | @a音乐史@y中国@z古代@j通俗读物 |
| 690 | @aJ609.22@v5 | |
| 701 | 0 | @a田青@Atian qing@4著 |
| 801 | @aCN@b江苏凤凰@c20211018 | |
| 905 | @b1341400-3@dJ609.22@e1279@f4 | |
| 中国古代音乐史话/田青著.-上海:上海音乐出版社,2021.1 |
| 182页:图;21cm |
| ISBN 978-7-5523-1545-5:CNY38.00 |
| 《中国古代音乐史话》于1984年在本社出版,现作者提出在修订后重新出版。本书以小说的形式叙述了中国古代音乐史,其写作手法与丰子恺的音乐普及读物有着异曲同工之妙。因此,本书的阅读有着极强的趣味性,适合于音乐爱好者阅读。 |
| ● |
| 相关链接 |
|
|
|
|
正题名:中国古代音乐史话
索取号:J609.22/1279
 
预约/预借
| 序号 | 登录号 | 条形码 | 馆藏地/架位号 | 状态 | 备注 |
| 1 | 1341400 | 213414009 | 第一样本阅览室/ [索取号:J609.22/1279] | 在馆 | |
| 2 | 1341401 | 213414018 | 第一借阅区/ [索取号:J609.22/1279] | 在馆 | |
| 3 | 1341402 | 213414027 | 第一借阅区/ [索取号:J609.22/1279] | 在馆 | |
| 4 | 1341403 | 213414036 | 第一借阅区/ [索取号:J609.22/1279] | 在馆 |